000 00303nam a22001337a 4500
008 170327b xxu||||| |||| 00| 0 eng d
020 _a9780071435079
041 _aeng
080 _a616.9
100 _a8
101 _aSHM
245 _aMICROBIOLOGY AND INFECTIOUS DISEASES
_cBOS, T.J
942 _2udc
_cBK
999 _c8664
_d8664